Petroleum Refining Processes / (Record no. 564870)

000 -LEADER
fixed length control field 00359nam a2200133Ia 4500
008 - FIXED-LENGTH DATA ELEMENTS--GENERAL INFORMATION
fixed length control field 210430s9999 xx 000 0 und d
020 ## - INTERNATIONAL STANDARD BOOK NUMBER
International Standard Book Number 81-89741-57-8
082 ## - DEWEY DECIMAL CLASSIFICATION NUMBER
Classification number 665.53 R 232 P
100 ## - MAIN ENTRY--PERSONAL NAME
Personal name Rakesh Rathi
9 (RLIN) 54315
245 ## - TITLE STATEMENT
Title Petroleum Refining Processes /
Statement of responsibility, etc. Rakesh Rathi
260 ## - PUBLICATION, DISTRIBUTION, ETC.
Place of publication, distribution, etc. India
Name of publisher, distributor, etc. SBS Publishers
Date of publication, distribution, etc. 2007
300 ## - PHYSICAL DESCRIPTION
Extent 454 p
942 ## - ADDED ENTRY ELEMENTS (KOHA)
Koha item type Book
Source of classification or shelving scheme
Holdings
Withdrawn status Lost status Damaged status Not for loan Collection code Permanent Location Current Location Shelving location Date acquired Total Checkouts Total Renewals Full call number Barcode Date last seen Date last checked out Price effective from Koha item type
          School of Chemical & Materials Engineering (SCME) School of Chemical & Materials Engineering (SCME) General Stacks   1 1 665.53 R 232 P SCME-4143 03/16/2026 01/27/2026 04/30/2021 Book
© 2023 Central Library, National University of Sciences and Technology. All Rights Reserved.